| 000 | 01184nam a22002897a 4500 | ||
|---|---|---|---|
| 001 | 9500 | ||
| 003 | FISKH | ||
| 005 | 20260115124436.0 | ||
| 008 | 260115b cb ||||| |||| 00| 0 eng d | ||
| 020 | _a9781842368244 | ||
| 040 |
_aFISKH _beng _cFISKH _dFISKH |
||
| 050 | _a QL458.P356 | ||
| 082 | _a545.94 | ||
| 100 | _aParker, steve | ||
| 245 |
_aI love spiders / _cBy Steve Parker : Illustrated by Richard Draper |
||
| 260 |
_aMiles Kelly : _bGreat Bardfield , _c2009 . |
||
| 300 |
_a24 pages : _bcolor illustrations ; _c24 X 24 cm . |
||
| 490 | _aI love | ||
| 505 | _aG | ||
| 520 | _aSpiders might not be easily lovable, but they certainly are amazing. These eight-legged critters can spin fantastic webs using a thread they produce themselves. Spiders can be almost too small to be seen or as big a human hand-this book introduces some of our most interesting spider species. The fact-filled narrative is complemented by detailed, colorful illustrations. | ||
| 521 | 8 |
_a380
_bLexile |
|
| 521 | 8 |
_aRaz-Plus
_bRaz-Plus |
|
| 650 |
_aInsects and Spiders _vNon-fiction |
||
| 700 |
_aDraper , Richard _eIllustrator |
||
| 942 |
_2ddc _cBK _n0 |
||
| 999 |
_c9500 _d9500 |
||